[Event "GBR-ch"]
[Site "Aberystwyth, Wales"]
[Date "2014.07.22"]
[Round "4.8"]
[White "Rudd, Jack"]
[Black "Arkell, Keith C"]
[Result "1-0"]
[WhiteElo "2278"]
[BlackElo "2433"]
[PlyCount "61"]
[EventDate "2014.07.19"]
[EventType "swiss"]
[EventRounds "11"]
[EventCountry "GBR"]
[Source "John Saunders"]
[SourceDate "2015.07.24"]

1. d4 e6 2. c4 Bb4+ 3. Nc3 c5 4. a3 Bxc3+ 5. bxc3 Ne7 6. e3 d6 7. Bd3 Nbc6 8.
f4 f5 9. Nf3 O-O 10. h3 b6 11. g4 Na5 12. Rg1 Qe8 13. Ra2 Ba6 14. Rag2 g6 15.
Ng5 Bxc4 16. Bxc4 Nxc4 17. Qe2 b5 18. h4 Rf6 19. h5 cxd4 20. hxg6 Rxg6 21. gxf5
exf5 22. Qh5 Rg7 23. Qh1 Qc6 24. Ne6 Rxg2 25. Rxg2+ Kf7 26. Nxd4 Qd5 27. Qxh7+
Ke8 28. Rg7 Qe4 29. Nxf5 Qxf5 30. Rxe7+ Kd8 31. Qxf5 1-0

[Event "GBR-ch"]
[Site "Aberystwyth, Wales"]
[Date "2014.07.22"]
[Round "4.9"]
[White "Storey, Charles H"]
[Black "Jackson, James P"]
[Result "0-1"]
[WhiteElo "2241"]
[BlackElo "2320"]
[PlyCount "74"]
[EventDate "2014.07.19"]
[EventType "swiss"]
[EventRounds "11"]
[EventCountry "GBR"]
[Source "John Saunders"]
[SourceDate "2015.07.24"]

1. Nf3 Nf6 2. g3 g6 3. b4 Bg7 4. Bb2 O-O 5. c4 d6 6. Bg2 e5 7. Nc3 a5 8. b5
Nbd7 9. O-O Nc5 10. d3 Re8 11. Nd2 Bf5 12. Nb3 Nfd7 13. e4 Be6 14. f4 exf4 15.
gxf4 f5 16. Rb1 a4 17. Nxc5 Nxc5 18. exf5 Bxf5 19. Ne4 Qe7 20. Nxc5 Qe3+ 21.
Kh1 dxc5 22. Bxb7 Rad8 23. Rf3 Qe2 24. Bxg7 Kxg7 25. Qg1 Rxd3 26. Rbf1 Rxf3 27.
Rxf3 Qxc4 28. Re3 Rxe3 29. Qxe3 Qf1+ 30. Qg1 Qxg1+ 31. Kxg1 a3 32. Bd5 Kf6 33.
Kf2 Be6 34. Bxe6 Kxe6 35. Ke3 Kd5 36. h4 c4 37. h5 gxh5 0-1

[Event "GBR-ch"]
[Site "Aberystwyth, Wales"]
[Date "2014.07.22"]
[Round "4.10"]
[White "Harvey, Marcus R"]
[Black "Willmoth, Robert F"]
[Result "1-0"]
[WhiteElo "2287"]
[BlackElo "2159"]
[PlyCount "59"]
[EventDate "2014.07.19"]
[EventType "swiss"]
[EventRounds "11"]
[EventCountry "GBR"]
[Source "John Saunders"]
[SourceDate "2015.07.24"]

1. b3 e5 2. Bb2 d6 3. e3 g6 4. d4 Nd7 5. dxe5 dxe5 6. Nf3 Bg7 7. Na3 Ne7 8. Nc4
Nc6 9. Qd5 O-O 10. O-O-O Qf6 11. Qd2 h6 12. Be2 Qe6 13. e4 Nc5 14. Qe3 b6 15.
Na3 Bb7 16. Bc4 Qg4 17. Bd5 Rfe8 18. Nc4 Qf4 19. Rhe1 Re7 20. Ba3 a5 21. c3 Nd8
22. Bxc5 bxc5 23. Bxb7 Nxb7 24. a4 Qg4 25. h3 Qxg2 26. Rh1 h5 27. Rdg1 Bh6 28.
Rxg2 Bxe3+ 29. Nxe3 Nd6 30. Nd5 1-0

[Event "GBR-ch"]
[Site "Aberystwyth, Wales"]
[Date "2014.07.22"]
[Round "4.11"]
[White "Lewis, Andrew P"]
[Black "Taylor, Adam A"]
[Result "1/2-1/2"]
[WhiteElo "2286"]
[BlackElo "2021"]
[PlyCount "103"]
[EventDate "2014.07.19"]
[EventType "swiss"]
[EventRounds "11"]
[EventCountry "GBR"]
[Source "John Saunders"]
[SourceDate "2015.07.24"]

1. c4 c5 2. Nf3 Nc6 3. Nc3 e5 4. g3 g6 5. Bg2 Bg7 6. O-O Nge7 7. Ne1 d6 8. Nc2
Be6 9. Ne3 O-O 10. a3 a5 11. d3 Rb8 12. Ned5 Bxd5 13. Nxd5 Nxd5 14. Bxd5 Qc7
15. Rb1 Ne7 16. Bg2 b5 17. Bg5 Nc6 18. Bd2 Rfc8 19. e3 Ne7 20. b3 Rd8 21. Qc2
Qa7 22. Rfc1 Qa6 23. Bf1 b4 24. axb4 axb4 25. Ra1 Qc8 26. Ra7 Nc6 27. Ra4 e4
28. dxe4 Qe6 29. Ra6 Ne5 30. Bg2 g5 31. h3 h5 32. f4 gxf4 33. exf4 Nd7 34. e5
Rb6 35. Ra7 dxe5 36. f5 Qd6 37. Bd5 h4 38. Bg5 Bf6 39. gxh4 e4 40. Qg2 Kh8 41.
Qg4 Bd4+ 42. Kh1 Nf6 43. Bxf6+ Qxf6 44. Rxf7 Qh6 45. Qg5 Rg8 46. Qxh6+ Rxh6 47.
Re7 Rg3 48. Rxe4 Rxb3 49. Re8+ Kg7 50. Re7+ Kf6 51. Re6+ Kg7 52. Re7+ 1/2-1/2

[Event "GBR-ch"]
[Site "Aberystwyth, Wales"]
[Date "2014.07.22"]
[Round "4.12"]
[White "Hackner, Oskar A"]
[Black "Wadsworth, Matthew J"]
[Result "0-1"]
[WhiteElo "2108"]
[BlackElo "2221"]
[PlyCount "112"]
[EventDate "2014.07.19"]
[EventType "swiss"]
[EventRounds "11"]
[EventCountry "GBR"]
[Source "John Saunders"]
[SourceDate "2015.07.24"]

1. d4 d5 2. c4 c6 3. Nc3 dxc4 4. e4 b5 5. a4 b4 6. Na2 Nf6 7. e5 Nd5 8. Bxc4 e6
9. Nf3 Ba6 10. Qc2 Bxc4 11. Qxc4 Nb6 12. Qb3 a5 13. Bg5 Qc7 14. Nc1 N8d7 15.
Nd3 c5 16. dxc5 Nxc5 17. Nxc5 Qxc5 18. O-O Qd5 19. Qxd5 Nxd5 20. Rac1 h6 21.
Bh4 g5 22. Bg3 Be7 23. Nd4 Kd7 24. Rcd1 Rhc8 25. Rd3 Bc5 26. Nb5 Ke7 27. h4 Bb6
28. Rfd1 Rc2 29. R1d2 Rc1+ 30. Kh2 Ra1 31. b3 Rc8 32. Rd1 Rxd1 33. Rxd1 Rc2 34.
hxg5 hxg5 35. Kg1 Nc3 36. Rd6 Nd5 37. Kh2 Rb2 38. f4 Rxb3 39. f5 Rd3 40. f6+
Ke8 41. Rc6 b3 42. Rc1 b2 43. Rb1 Rb3 44. Be1 Kd7 45. g4 Be3 46. Kg2 Bf4 47.
Nd4 Rd3 48. Nf3 Bc1 49. Bd2 Bxd2 50. Rxb2 Bb4 51. Nxg5 Ne3+ 52. Kg1 Nxg4 53.
Nxf7 Rg3+ 54. Kh1 Rh3+ 55. Kg1 Bc5+ 56. Kf1 Rh1+ 0-1

[Event "GBR-ch"]
[Site "Aberystwyth, Wales"]
[Date "2014.07.22"]
[Round "4.13"]
[White "Brown, Thomas"]
[Black "McPhillips, Joseph"]
[Result "0-1"]
[WhiteElo "2104"]
[BlackElo "2200"]
[PlyCount "46"]
[EventDate "2014.07.19"]
[EventType "swiss"]
[EventRounds "11"]
[EventCountry "GBR"]
[Source "John Saunders"]
[SourceDate "2015.07.24"]

1. d4 e6 2. Nf3 Nf6 3. c4 b6 4. Nc3 Bb4 5. Bg5 Bb7 6. Nd2 Be7 7. Bxf6 Bxf6 8.
Nde4 Be7 9. d5 f5 10. d6 fxe4 11. dxe7 Qxe7 12. Qd4 O-O 13. e3 Qf7 14. O-O-O
Qg6 15. Qd2 d6 16. h4 Nd7 17. h5 Qf6 18. Be2 Qxf2 19. Nb5 Rac8 20. h6 g6 21.
Nxc7 Rxc7 22. Qxd6 Qxe3+ 23. Kb1 Qf4 0-1

[Event "GBR-ch"]
[Site "Aberystwyth, Wales"]
[Date "2014.07.22"]
[Round "4.14"]
[White "Tambini, Jasper"]
[Black "Shaw, Peter"]
[Result "0-1"]
[WhiteElo "2047"]
[BlackElo "2178"]
[PlyCount "100"]
[EventDate "2014.07.19"]
[EventType "swiss"]
[EventRounds "11"]
[EventCountry "GBR"]
[Source "John Saunders"]
[SourceDate "2015.07.24"]

1. e4 e6 2. d4 d5 3. e5 c5 4. c3 Nc6 5. Nf3 Qb6 6. a3 Bd7 7. b4 cxd4 8. cxd4
Rc8 9. Bb2 Nh6 10. Nc3 Na5 11. Bd3 Nc4 12. Bxc4 Rxc4 13. O-O Be7 14. Na4 Qc6
15. Nc5 b6 16. Nxd7 Kxd7 17. Bc1 Nf5 18. g4 Nh6 19. h3 Rc8 20. Be3 Qb5 21. Qd3
Rxb4 22. Qxh7 Rb3 23. Rfe1 Bf8 24. Kg2 Qd3 25. Qxd3 Rxd3 26. a4 Rc2 27. a5 b5
28. Bxh6 gxh6 29. Reb1 Rcc3 30. Rxb5 Rxf3 31. Rb7+ Kc6 32. Rxa7 Ra3 33. Rb1
Rfb3 34. Rxb3 Rxb3 35. Rxf7 Bb4 36. a6 Ra3 37. Rf6 Kd7 38. Rxh6 Rxa6 39. Rh7+
Ke8 40. Rh8+ Kf7 41. Rh7+ Kg6 42. Rc7 Ba5 43. Rc2 Bd8 44. f4 Ra4 45. Rc8 Be7
46. Rc7 Bh4 47. Rc6 Kf7 48. Rc7+ Kg6 49. Rc6 Kf7 50. Rc7+ Kg6 0-1

[Event "GBR-ch"]
[Site "Aberystwyth, Wales"]
[Date "2014.07.22"]
[Round "4.15"]
[White "Hoare, Amy B"]
[Black "Mason, Donald J"]
[Result "1/2-1/2"]
[WhiteElo "1950"]
[BlackElo "2167"]
[PlyCount "74"]
[EventDate "2014.07.19"]
[EventType "swiss"]
[EventRounds "11"]
[EventCountry "GBR"]
[Source "John Saunders"]
[SourceDate "2015.07.24"]

1. e4 e6 2. d4 d5 3. Nc3 Bb4 4. exd5 exd5 5. Bd3 c6 6. Qf3 Nf6 7. Bg5 Nbd7 8.
Nge2 O-O 9. O-O h6 10. Bf4 Re8 11. h3 Nf8 12. a3 Bd6 13. Bxd6 Qxd6 14. Ng3 N8h7
15. Rfe1 Bd7 16. Nh5 Nxh5 17. Qxh5 Qf6 18. Re3 Rxe3 19. fxe3 Qg5 20. Qxg5 Nxg5
21. e4 dxe4 22. Nxe4 Nxe4 23. Bxe4 Be6 24. Kf2 Rd8 25. Rd1 f5 26. Bf3 g5 27.
Kg3 Kf7 28. Bh5+ Kf6 29. Bf3 Bf7 30. Be2 Re8 31. Bf3 f4+ 32. Kf2 Bd5 33. Rd3
Bxf3 34. Kxf3 Rd8 35. Ke4 Re8+ 36. Kf3 Rd8 37. Ke4 Re8+ 1/2-1/2

[Event "GBR-ch"]
[Site "Aberystwyth, Wales"]
[Date "2014.07.22"]
[Round "4.16"]
[White "Zhang, Anthony Y"]
[Black "Graham, David B"]
[Result "0-1"]
[WhiteElo "1926"]
[BlackElo "2155"]
[PlyCount "65"]
[EventDate "2014.07.19"]
[EventType "swiss"]
[EventRounds "11"]
[EventCountry "GBR"]
[Source "John Saunders"]
[SourceDate "2015.07.24"]

1. d4 Nf6 2. Nf3 g6 3. c4 Bg7 4. Nc3 d6 5. e4 O-O 6. h3 e5 7. d5 a5 8. Bg5 Na6
9. Be2 Nc5 10. Nd2 Bd7 11. g4 c6 12. h4 Qb6 13. Bxf6 Bxf6 14. Qc2 Bg7 15. h5 a4
16. O-O-O a3 17. b3 Na6 18. Nf1 Qxf2 19. Qd3 Bxg4 20. Qd2 Bxe2 21. Nxe2 cxd5
22. hxg6 hxg6 23. Ne3 Nb4 24. Kb1 Qf3 25. Nc3 d4 26. Ncd5 Qxe4+ 27. Ka1 Nxd5
28. Nxd5 f6 29. Rdg1 d3 30. Ne7+ Kf7 31. Nxg6 Qd4+ 32. Kb1 Rg8 33. Rh7 0-1

[Event "GBR-ch"]
[Site "Aberystwyth, Wales"]
[Date "2014.07.22"]
[Round "4.17"]
[White "Hill, Alistair"]
[Black "Fernandez, Michael"]
[Result "0-1"]
[WhiteElo "2126"]
[BlackElo "2029"]
[PlyCount "130"]
[EventDate "2014.07.19"]
[EventType "swiss"]
[EventRounds "11"]
[EventCountry "GBR"]
[Source "John Saunders"]
[SourceDate "2015.07.24"]

1. e4 c6 2. d4 d5 3. Nc3 dxe4 4. Nxe4 Bf5 5. Nc5 Qc7 6. Bd3 Bxd3 7. Nxd3 Nf6 8.
Bf4 Qa5+ 9. Bd2 Qd8 10. Nf3 e6 11. O-O Bd6 12. c3 Nbd7 13. Nfe5 O-O 14. Bg5 Be7
15. Qf3 Nxe5 16. dxe5 Nd5 17. Bd2 Bg5 18. Rfd1 Bxd2 19. Rxd2 Qa5 20. b4 Qb6 21.
Nc5 Rad8 22. Rad1 a5 23. a3 axb4 24. axb4 Qc7 25. Qg3 Ne7 26. Nd7 Nf5 27. Qg4
Rxd7 28. Rxd7 Qxe5 29. c4 b6 30. h3 Qc3 31. Rc7 Qxb4 32. Rxc6 b5 33. c5 Qc3 34.
Qf3 Qe5 35. Qg4 Ne7 36. Rb6 Qxc5 37. Qd4 Qxd4 38. Rxd4 Nd5 39. Rxb5 g6 40. Rb7
Rc8 41. Ra4 Rc7 42. Rb8+ Kg7 43. Kh2 Rc2 44. Kg3 Rc3+ 45. f3 Rc7 46. Rb3 Kf6
47. Rb2 Kg7 48. Kf2 f5 49. Ra6 Kf6 50. g3 f4 51. Re2 Re7 52. Re4 g5 53. g4 h6
54. h4 Ne3 55. Ke2 Ng2 56. h5 Ne3 57. Rd4 Rb7 58. Rdd6 Rb2+ 59. Kd3 Rb3+ 60.
Ke4 Rb4+ 61. Rd4 Rb3 62. Rd7 Nc2 63. Rf7+ Kxf7 64. Rxe6 Re3+ 65. Kf5 Nd4# 0-1

[Event "GBR-ch"]
[Site "Aberystwyth, Wales"]
[Date "2014.07.22"]
[Round "4.18"]
[White "Jarmany, John"]
[Black "Burnett, Jim"]
[Result "1/2-1/2"]
[WhiteElo "2073"]
[BlackElo "2124"]
[PlyCount "130"]
[EventDate "2014.07.19"]
[EventType "swiss"]
[EventRounds "11"]
[EventCountry "GBR"]
[Source "John Saunders"]
[SourceDate "2015.07.24"]

1. e4 e6 2. d4 d5 3. Nd2 Nf6 4. e5 Nfd7 5. f4 c5 6. c3 Nc6 7. Ndf3 Qb6 8. g3
cxd4 9. cxd4 Bb4+ 10. Kf2 f6 11. Kg2 O-O 12. Bd3 fxe5 13. dxe5 Be7 14. h4 h6
15. Bb1 Rd8 16. Ng5 Nf8 17. Qh5 Bd7 18. Bg6 Be8 19. Bf7+ Kh8 20. N1f3 Nb4 21.
Nh2 Qc7 22. Bxe8 Rxe8 23. Ng4 Qc2+ 24. Kh3 Rac8 25. Nf7+ Kh7 26. Ng5+ Bxg5 27.
fxg5 Qg6 28. Qxg6+ Nxg6 29. h5 Ne7 30. gxh6 Rc2 31. hxg7 Kxg7 32. Bh6+ Kh8 33.
Rac1 Rxc1 34. Rxc1 Rc8 35. Rxc8+ Nxc8 36. Bg5 Nxa2 37. Bf6+ Kh7 38. h6 Nb4 39.
Kh4 Kg6 40. Bg5 Nc6 41. Bf4 N8e7 42. Kh3 Nf5 43. Kg2 Nce7 44. Kf2 Ng8 45. Ke2
Nfxh6 46. Nf2 Kf5 47. Kf3 Nf7 48. Nd3 Ne7 49. g4+ Kg6 50. Nc5 Nc6 51. Nxe6
Nfxe5+ 52. Kg3 Nd3 53. Bd6 d4 54. Nf4+ Nxf4 55. Kxf4 d3 56. Ke3 Kg5 57. Kxd3
Kxg4 58. Ke4 Kg5 59. Kd5 Kf6 60. Bc5 a5 61. Kd6 a4 62. Kc7 Na5 63. Kb6 Nc4+ 64.
Kb5 Nxb2 65. Bd4+ Ke6 1/2-1/2

[Event "GBR-ch"]
[Site "Aberystwyth, Wales"]
[Date "2014.07.22"]
[Round "4.19"]
[White "Haria, Ravi"]
[Black "Fraser, John"]
[Result "1/2-1/2"]
[WhiteElo "2202"]
[BlackElo "1854"]
[PlyCount "57"]
[EventDate "2014.07.19"]
[EventType "swiss"]
[EventRounds "11"]
[EventCountry "GBR"]
[Source "John Saunders"]
[SourceDate "2015.07.24"]

1. e4 c5 2. Nf3 d6 3. c3 Nf6 4. Be2 Nc6 5. d4 cxd4 6. cxd4 Nxe4 7. d5 Qa5+ 8.
Nc3 Nxc3 9. bxc3 Ne5 10. Nxe5 Qxc3+ 11. Bd2 Qxe5 12. O-O Qxd5 13. Rb1 f6 14.
Rb4 e6 15. Bf3 Qxa2 16. Bxb7 Bxb7 17. Rxb7 Be7 18. Qh5+ Kf8 19. Bc3 Qd5 20.
Qxd5 exd5 21. Re1 Bd8 22. Bb4 h5 23. h4 Kg8 24. Rd1 Rh7 25. Rxd5 g6 26. Rxh7
Kxh7 27. Rxd6 a5 28. Ba3 Kg8 29. Rd7 1/2-1/2

[Event "GBR-ch"]
[Site "Aberystwyth, Wales"]
[Date "2014.07.22"]
[Round "4.20"]
[White "Menadue, Jeremy F S"]
[Black "Clancy, Martin J"]
[Result "1-0"]
[WhiteElo "2117"]
[BlackElo "2009"]
[PlyCount "47"]
[EventDate "2014.07.19"]
[EventType "swiss"]
[EventRounds "11"]
[EventCountry "GBR"]
[Source "John Saunders"]
[SourceDate "2015.07.24"]

1. d4 Nf6 2. c4 g6 3. Nc3 Bg7 4. e4 d6 5. Nge2 O-O 6. Ng3 e5 7. d5 Nbd7 8. Be2
a5 9. O-O Nc5 10. Be3 Ne8 11. Qd2 f5 12. exf5 gxf5 13. f4 exf4 14. Bxf4 Qh4 15.
Rad1 Bxc3 16. bxc3 Qe7 17. Bh6 Ng7 18. Nh5 Rf7 19. Bxg7 Rxg7 20. Nxg7 Qxg7 21.
Bd3 Bd7 22. Bxf5 Rf8 23. Bxd7 Nxd7 24. Rxf8+ 1-0

[Event "GBR-ch"]
[Site "Aberystwyth, Wales"]
[Date "2014.07.22"]
[Round "4.21"]
[White "Davis, Lee"]
[Black "Waddington, Mike P"]
[Result "1/2-1/2"]
[WhiteElo "1978"]
[BlackElo "2085"]
[PlyCount "82"]
[EventDate "2014.07.19"]
[EventType "swiss"]
[EventRounds "11"]
[EventCountry "GBR"]
[Source "John Saunders"]
[SourceDate "2015.07.24"]

1. Nf3 c5 2. c4 Nf6 3. Nc3 d5 4. cxd5 Nxd5 5. g3 Nc6 6. Bg2 Nc7 7. O-O e5 8. d3
Be7 9. a3 O-O 10. h4 Ne6 11. Nd2 f5 12. Nd5 f4 13. Nxe7+ Qxe7 14. Ne4 Ned4 15.
e3 f3 16. exd4 fxg2 17. Kxg2 Nxd4 18. Be3 Bf5 19. Bxd4 exd4 20. Qb3+ Be6 21.
Qc2 Bd5 22. f3 Rac8 23. Rae1 h6 24. Qd2 Rc6 25. Re2 Re6 26. Rfe1 Qf7 27. Rf2 b6
28. b4 Bxe4 29. Rxe4 Rxe4 30. fxe4 Qxf2+ 31. Qxf2 Rxf2+ 32. Kxf2 Kf7 33. bxc5
bxc5 34. Kf3 Ke6 35. h5 Ke5 36. a4 a5 37. g4 Kd6 38. Kf4 Ke6 39. e5 Ke7 40. Ke4
Ke6 41. Kf4 Ke7 1/2-1/2

[Event "GBR-ch"]
[Site "Aberystwyth, Wales"]
[Date "2014.07.22"]
[Round "4.22"]
[White "Fathallah, Joe"]
[Black "Jones, Steven A"]
[Result "1/2-1/2"]
[WhiteElo "1953"]
[BlackElo "2064"]
[PlyCount "99"]
[EventDate "2014.07.19"]
[EventType "swiss"]
[EventRounds "11"]
[EventCountry "GBR"]
[Source "John Saunders"]
[SourceDate "2015.07.24"]

1. d4 Nf6 2. c4 e6 3. Nc3 Bb4 4. Qc2 Nc6 5. Nf3 d6 6. Bd2 O-O 7. a3 Bxc3 8.
Bxc3 Qe7 9. e4 e5 10. d5 Nb8 11. g3 c6 12. Bg2 b5 13. cxb5 cxb5 14. O-O Nbd7
15. Nd2 Nc5 16. f4 Ng4 17. Rae1 Ba6 18. b4 Na4 19. Ba1 Qd8 20. Qc6 Nb6 21. fxe5
dxe5 22. Qc3 Na4 23. Qf3 Qb6+ 24. Kh1 Bc8 25. h3 Qh6 26. Nb3 f5 27. Nc5 f4 28.
Kg1 Qh5 29. gxf4 exf4 30. Nxa4 bxa4 31. Qc3 Nf6 32. e5 Ba6 33. exf6 Bxf1 34.
fxg7 Rfc8 35. Qf6 Bxg2 36. Qe6+ Qf7 37. Kxg2 Re8 38. Qxf7+ Kxf7 39. Rf1 Re2+
40. Kf3 Re3+ 41. Kxf4 Rxa3 42. Ke5+ Kg8 43. Ke6 Re3+ 44. Kd7 a3 45. d6 Re2 46.
Rc1 Ree8 47. Rc7 a2 48. Rxa7 Red8+ 49. Ke7 Re8+ 50. Kd7 1/2-1/2

[Event "GBR-ch"]
[Site "Aberystwyth, Wales"]
[Date "2014.07.22"]
[Round "4.23"]
[White "Brusey, Alan W"]
[Black "Bullen, Alex"]
[Result "0-1"]
[WhiteElo "1951"]
[BlackElo "2054"]
[PlyCount "102"]
[EventDate "2014.07.19"]
[EventType "swiss"]
[EventRounds "11"]
[EventCountry "GBR"]
[Source "John Saunders"]
[SourceDate "2015.07.24"]

1. e4 c6 2. c4 d5 3. exd5 cxd5 4. cxd5 Nf6 5. Nc3 Nxd5 6. Nf3 Nc6 7. d4 Bg4 8.
Be2 e6 9. h3 Bh5 10. O-O Be7 11. Be3 O-O 12. Qd2 Rc8 13. Rac1 Bb4 14. Rfd1 Nce7
15. g4 Bg6 16. Ne5 Qa5 17. Bc4 Rc7 18. Nxg6 hxg6 19. Qd3 Bxc3 20. bxc3 Rfc8 21.
Bxd5 Nxd5 22. c4 Nxe3 23. fxe3 Qxa2 24. Ra1 Qxc4 25. Qxc4 Rxc4 26. Rxa7 Rb4 27.
Kf2 Rb2+ 28. Kf3 b5 29. d5 exd5 30. Rxd5 b4 31. Rdd7 Rcc2 32. Rd8+ Kh7 33. g5
Rf2+ 34. Ke4 f5+ 35. Ke5 Ra2 36. Rxa2 Rxa2 37. Rb8 Rh2 38. Rxb4 Rxh3 39. Rb3
Rg3 40. Kf4 Rg4+ 41. Ke5 Rxg5 42. e4 Rh5 43. Rf3 Kh6 44. exf5 Rxf5+ 45. Rxf5
gxf5 46. Kxf5 Kh5 47. Kf4 Kh4 48. Kf3 g6 49. Kg2 Kg4 50. Kf2 Kh3 51. Kg1 Kg3
0-1

[Event "GBR-ch"]
[Site "Aberystwyth, Wales"]
[Date "2014.07.22"]
[Round "4.24"]
[White "Kalaiyalahan, Akshaya"]
[Black "Simons, Martin J"]
[Result "1/2-1/2"]
[WhiteElo "2016"]
[BlackElo "2087"]
[PlyCount "48"]
[EventDate "2014.07.19"]
[EventType "swiss"]
[EventRounds "11"]
[EventCountry "GBR"]
[Source "John Saunders"]
[SourceDate "2015.07.24"]

1. Nf3 d6 2. d4 g6 3. g3 Bg7 4. Bg2 Nd7 5. c4 Ngf6 6. Nc3 O-O 7. O-O e5 8. e4
Re8 9. dxe5 dxe5 10. h3 c6 11. Be3 Qe7 12. Qc2 a5 13. Na4 b5 14. cxb5 cxb5 15.
Nc3 b4 16. Na4 Bb7 17. Nd2 Rac8 18. Qb1 Bc6 19. Nb6 Nxb6 20. Bxb6 Qb7 21. Be3
Bb5 22. Rc1 Qd7 23. Rxc8 Rxc8 24. Qd1 a4 1/2-1/2

[Event "GBR-ch"]
[Site "Aberystwyth, Wales"]
[Date "2014.07.22"]
[Round "4.25"]
[White "Hill, Clive E"]
[Black "Hughes, Roy"]
[Result "1/2-1/2"]
[WhiteElo "2330"]
[BlackElo "2059"]
[PlyCount "107"]
[EventDate "2014.07.19"]
[EventType "swiss"]
[EventRounds "11"]
[EventCountry "GBR"]
[Source "John Saunders"]
[SourceDate "2015.07.24"]

1. c3 d5 2. f4 Nf6 3. Nf3 c5 4. g3 Nc6 5. d3 Bf5 6. Bg2 e6 7. Qa4 Be7 8. Ne5
O-O 9. Nxc6 bxc6 10. Qxc6 Rb8 11. Qa4 Qb6 12. Nd2 Rfd8 13. Nf3 Nd7 14. O-O c4+
15. d4 Bf6 16. Kh1 Be4 17. Ne5 Bxg2+ 18. Kxg2 Bxe5 19. fxe5 h6 20. Qc2 Qc6 21.
Kh3 Nf8 22. Rb1 Rdc8 23. e4 dxe4 24. Rf4 Ng6 25. Rxe4 Rb5 26. Rg4 Qf3 27. Bf4
h5 28. Rxg6 fxg6 29. Qxg6 Qg4+ 30. Qxg4 hxg4+ 31. Kxg4 Rcb8 32. Rd1 Rxb2 33. d5
exd5 34. Rxd5 Rxa2 35. Rd7 Re8 36. Rc7 a5 37. h4 Ra8 38. Kf5 Re2 39. Bg5 a4 40.
Bf6 gxf6 41. exf6 Kh8 42. g4 Rf2+ 43. Kg5 Rg8+ 44. Kh5 Rxf6 45. g5 Ra6 46. g6
Rgxg6 47. Rh7+ Kg8 48. Rg7+ Kf8 49. Rf7+ Ke8 50. Re7+ Kd8 51. Rd7+ Kc8 52. Rc7+
Kb8 53. Rb7+ Ka8 54. Rb8+ 1/2-1/2

[Event "GBR-ch"]
[Site "Aberystwyth, Wales"]
[Date "2014.07.22"]
[Round "4.26"]
[White "Wager, John D"]
[Black "Elwin, Adrian G"]
[Result "1/2-1/2"]
[WhiteElo "2099"]
[BlackElo "1974"]
[PlyCount "59"]
[EventDate "2014.07.19"]
[EventType "swiss"]
[EventRounds "11"]
[EventCountry "GBR"]
[Source "John Saunders"]
[SourceDate "2015.07.24"]

1. d4 Nf6 2. Nf3 g6 3. c4 Bg7 4. Nc3 O-O 5. Bg5 d6 6. e3 c6 7. Be2 Nbd7 8. O-O
h6 9. Bh4 g5 10. Bg3 Nh5 11. Rc1 Nxg3 12. hxg3 f5 13. b4 Nf6 14. Qb3 Ng4 15.
c5+ d5 16. b5 Kh8 17. bxc6 bxc6 18. Qa4 Qc7 19. Rb1 Bd7 20. Rb3 Rab8 21. Rfb1
f4 22. gxf4 gxf4 23. e4 dxe4 24. Nxe4 Bf5 25. Bd3 Rxb3 26. Qxb3 Qd7 27. Qb7 Qe6
28. Qb3 Qd7 29. Qb7 Qe6 30. Qb3 1/2-1/2

[Event "GBR-ch"]
[Site "Aberystwyth, Wales"]
[Date "2014.07.22"]
[Round "4.27"]
[White "Pleasants, Allan J"]
[Black "Slade, Theodore"]
[Result "1-0"]
[WhiteElo "2061"]
[BlackElo "1818"]
[PlyCount "95"]
[EventDate "2014.07.19"]
[EventType "swiss"]
[EventRounds "11"]
[EventCountry "GBR"]
[Source "John Saunders"]
[SourceDate "2015.07.24"]

1. d4 Nf6 2. Nf3 e6 3. c3 b6 4. Bg5 Bb7 5. Nbd2 Be7 6. e3 h6 7. Bh4 c5 8. h3
Nc6 9. Bd3 O-O 10. Bg3 Rc8 11. O-O d6 12. Qe2 d5 13. Ne5 Nxe5 14. Bxe5 Bd6 15.
f4 Ne4 16. Bxd6 Qxd6 17. Bxe4 dxe4 18. Nc4 Qc7 19. Ne5 cxd4 20. exd4 f5 21.
Rac1 Rfd8 22. Rfd1 Rd6 23. b3 Rcd8 24. Kh2 Bc6 25. a4 Qb7 26. Qe3 b5 27. axb5
Bxb5 28. c4 Be8 29. Ra1 Rb8 30. b4 Qxb4 31. Rxa7 Rb7 32. Ra8 Rb8 33. Rda1 Rdb6
34. c5 Rxa8 35. Rxa8 Rb8 36. Rxb8 Qxb8 37. Qc3 Qc8 38. c6 e3 39. Kg1 e2 40. Kf2
e1=Q+ 41. Kxe1 Qb8 42. Kf2 Qc7 43. Qc4 Qc8 44. Qc5 Qb8 45. c7 Qc8 46. Qe7 Bb5
47. Qd8+ Qxd8 48. cxd8=Q+ 1-0

[Event "GBR-ch"]
[Site "Aberystwyth, Wales"]
[Date "2014.07.22"]
[Round "4.28"]
[White "Lenier, Jude A"]
[Black "Horton, Justin"]
[Result "1/2-1/2"]
[WhiteElo "2099"]
[BlackElo "2104"]
[PlyCount "50"]
[EventDate "2014.07.19"]
[EventType "swiss"]
[EventRounds "11"]
[EventCountry "GBR"]
[Source "John Saunders"]
[SourceDate "2015.07.24"]

1. e4 e5 2. Nf3 Nc6 3. Bb5 Nf6 4. d3 d6 5. O-O Bd7 6. Nc3 g6 7. d4 exd4 8. Nxd4
Bg7 9. Bg5 h6 10. Be3 O-O 11. Nxc6 bxc6 12. Be2 Re8 13. Bf3 Kh7 14. h3 Rb8 15.
Rb1 c5 16. Qd3 Rb6 17. b3 Bc6 18. Nd5 Nxd5 19. exd5 Bb5 20. c4 Bd7 21. Qd2 Qf6
22. Rbe1 Rbb8 23. Be2 Ra8 24. Bd3 a5 25. Bc2 Reb8 1/2-1/2

[Event "GBR-ch"]
[Site "Aberystwyth, Wales"]
[Date "2014.07.23"]
[Round "5.1"]
[White "Hawkins, Jonathan"]
[Black "Fernandez, Daniel Howard"]
[Result "1-0"]
[WhiteElo "2516"]
[BlackElo "2396"]
[PlyCount "93"]
[EventDate "2014.07.19"]
[EventType "swiss"]
[EventRounds "11"]
[EventCountry "GBR"]
[Source "John Saunders"]
[SourceDate "2015.07.24"]

1. d4 g6 2. e4 Bg7 3. Nc3 a6 4. Nf3 d6 5. Bd3 Nd7 6. O-O e6 7. Re1 Ne7 8. e5 d5
9. Ne2 c5 10. c3 b5 11. Nf4 Nc6 12. h4 Qb6 13. Be3 c4 14. Bc2 h6 15. Qb1 Ne7
16. b3 Kd8 17. a4 Bb7 18. Qb2 Nf5 19. Bxf5 gxf5 20. Reb1 cxb3 21. Qxb3 Bf8 22.
axb5 axb5 23. Rxa8+ Bxa8 24. Bc1 b4 25. cxb4 Qb5 26. Bd2 Nb6 27. Qa3 Kc7 28.
Rc1+ Kb8 29. Ra1 Bb7 30. Nd3 Nc4 31. Qc1 Nb6 32. Nc5 Nc4 33. h5 Be7 34. Bxh6
Rh7 35. Bg5 Bxc5 36. bxc5 Rxh5 37. Rb1 Qe8 38. Bf6 Kc8 39. Qc3 Qa4 40. Ng5 Na3
41. Qa1 Bc6 42. Rb2 Nc2 43. Qb1 Qa1 44. Qxa1 Nxa1 45. Nxf7 f4 46. Nd8 Kd7 47.
Ra2 1-0

[Event "GBR-ch"]
[Site "Aberystwyth, Wales"]
[Date "2014.07.23"]
[Round "5.2"]
[White "Pert, Nicholas"]
[Black "Emms, John M"]
[Result "1/2-1/2"]
[WhiteElo "2564"]
[BlackElo "2456"]
[PlyCount "27"]
[EventDate "2014.07.19"]
[EventType "swiss"]
[EventRounds "11"]
[EventCountry "GBR"]
[Source "John Saunders"]
[SourceDate "2015.07.24"]

1. d4 Nf6 2. Nf3 c5 3. d5 g6 4. Nc3 d6 5. e4 Bg4 6. Be2 Bg7 7. O-O O-O 8. Bf4
Na6 9. Nd2 Bxe2 10. Qxe2 Nc7 11. a4 e6 12. dxe6 Nxe6 13. Be3 d5 14. exd5
1/2-1/2